<?xml version="1.0" encoding="UTF-8"?>
<record
    xmlns:xsi="http://www.w3.org/2001/XMLSchema-instance"
    xsi:schemaLocation="http://www.loc.gov/MARC21/slim http://www.loc.gov/standards/marcxml/schema/MARC21slim.xsd"
    xmlns="http://www.loc.gov/MARC21/slim">

  <leader>04488nab a2200277 i 4500</leader>
  <controlfield tag="003">BR-BrBNA</controlfield>
  <controlfield tag="005">20260202101111.0</controlfield>
  <controlfield tag="008">260202b2024    bl.ar|pooa||| 00| 0 eng |</controlfield>
  <datafield tag="040" ind1=" " ind2=" ">
    <subfield code="a">BR-BrBNA</subfield>
    <subfield code="b">eng</subfield>
  </datafield>
  <datafield tag="072" ind1=" " ind2=" ">
    <subfield code="a">F50</subfield>
  </datafield>
  <datafield tag="100" ind1=" " ind2=" ">
    <subfield code="a">Gev&#xFA;, Kathlyn Vasconcelos </subfield>
  </datafield>
  <datafield tag="100" ind1=" " ind2=" ">
    <subfield code="a">Lima, Helena Regina Pinto </subfield>
  </datafield>
  <datafield tag="100" ind1=" " ind2=" ">
    <subfield code="a">Alexandrino, Camilla Ribeiro </subfield>
  </datafield>
  <datafield tag="100" ind1=" " ind2=" ">
    <subfield code="a">Cunha, Maura da </subfield>
  </datafield>
  <datafield tag="245" ind1=" " ind2=" ">
    <subfield code="a">Anatomical and histochemical characterization of vegetative organs of Brazilian species of Renealmia (Zingiberaceae)</subfield>
  </datafield>
  <datafield tag="500" ind1=" " ind2=" ">
    <subfield code="a">Publica&#xE7;&#xE3;o on-line; Bibliography p. 14-16 (50 ref.); 1 table; 8 illus.; Summaries (En, Pt)</subfield>
  </datafield>
  <datafield tag="520" ind1=" " ind2=" ">
    <subfield code="a">

Abstract

Renealmia comprises approximately 85 herbaceous and rhizomatous plants in Africa and America known
for their metabolite diversity. This study characterized the anatomy and histochemistry of the vegetative
organs of three native Brazilian Renealmia species, R. breviscapa and R. nicolaioides, collected from the
Amazon Forest in Acre and R. chrysotricha from the Atlantic Forest in Rio de Janeiro. Samples were fixed
and processed using conventional plant anatomy and micromorphology techniques, including histochemical
tests to identify classes of compounds in vegetative organs. Characteristics including oil idioblasts, dorsiventral
leaf structure, tetracytic stomata, unicellular trichomes, and prismatic crystals were common among the
studied species of Renealmia, and thus significant for the family. Distinctive characteristics were identified
in the vegetative organs of the three species, including the cellular distribution of root phloem, covering of
rhizome tissue, different types and distributions of idioblasts and phenolic trichomes in rhizomes and leaves,
presence or absence of petiole, and subepidermal layer in the intercostal region of leaves. Mineral content
importance as a diagnostic characteristic of the genus is also emphasized. The results of this study advance
the understanding of the distinctive anatomical characteristics of the three species of Renealmia in different
environments, two in the Atlantic Forest and one in the Amazon Forest.

Key words: micromorphology, special metabolites, tribe Alpinieae, ultrastructure, Zingiberaceae.





Resumo

Renealmia abrange aproximadamente 75 esp&#xE9;cies de plantas herb&#xE1;ceas e rizomatosas, oriundas de regi&#xF5;es
africanas e neotropicais, conhecidas por sua diversidade de metab&#xF3;litos. Este estudo visou caracterizar a
anatomia e histoqu&#xED;mica dos &#xF3;rg&#xE3;os vegetativos de tr&#xEA;s esp&#xE9;cies nativas do Brasil: Renealmia breviscapa e 
Renealmia nicolaioides, coletadas na Floresta Amaz&#xF4;nica, no Acre, e Renealmia chrysotricha, encontrada em
uma floresta Atl&#xE2;ntica, no Rio de Janeiro. Amostras foram fixadas e processadas por t&#xE9;cnicas convencionais
de anatomia vegetal, incluindo testes histoqu&#xED;micos para identifica&#xE7;&#xE3;o das classes de subst&#xE2;ncias presentes
nos &#xF3;rg&#xE3;os vegetativos. Caracter&#xED;sticas como idioblastos ole&#xED;feros, estrutura foliar dorsiventral, est&#xF4;matos
tetrac&#xED;ticos, tricomas unicelulares e presen&#xE7;a de cristais prism&#xE1;ticos foram comuns entre as esp&#xE9;cies de
Renealmia estudadas, revelando-se significativas para a fam&#xED;lia. Foram identificados caracteres distintivos
nos &#xF3;rg&#xE3;os vegetativos das tr&#xEA;s esp&#xE9;cies, como distribui&#xE7;&#xE3;o celular do floema radicular, cobertura do tecido
dos rizomas, diferentes tipos e distribui&#xE7;&#xE3;o de idioblastos e tricomas fen&#xF3;licos tanto nos rizomas quanto nas
folhas, presen&#xE7;a ou aus&#xEA;ncia de pec&#xED;olo, al&#xE9;m da camada subepid&#xE9;rmica na regi&#xE3;o intercostal das folhas.
Destaca-se tamb&#xE9;m a import&#xE2;ncia do conte&#xFA;do mineral como caracter&#xED;stica diagn&#xF3;stica do g&#xEA;nero Renealmia.
Este estudo proporciona um avan&#xE7;o no conhecimento das caracter&#xED;sticas anat&#xF4;micas distintivas das tr&#xEA;s
esp&#xE9;cies de Renealmia em diferentes ambientes, tanto na Floresta Atl&#xE2;ntica quanto na Floresta Amaz&#xF4;nica.

Palavras-chave: micromorfologia, metabolitos especiais, tribo Alpinieae, ultraestrutura, Zingiberaceae.</subfield>
  </datafield>
  <datafield tag="650" ind1=" " ind2=" ">
    <subfield code="a">MORFOLOGIA VEGETAL</subfield>
  </datafield>
  <datafield tag="650" ind1=" " ind2=" ">
    <subfield code="a">ANATOMIA VEGETAL</subfield>
  </datafield>
  <datafield tag="650" ind1=" " ind2=" ">
    <subfield code="a">ZINGIBERACEAE</subfield>
  </datafield>
  <datafield tag="650" ind1=" " ind2=" ">
    <subfield code="a">ESTRUTURA VEGETAL</subfield>
  </datafield>
  <datafield tag="773" ind1="0" ind2=" ">
    <subfield code="0">709</subfield>
    <subfield code="9">359346</subfield>
    <subfield code="d">Rio de Janeiro-RJ Jardim Botanico do Rio de Janeiro 1935</subfield>
    <subfield code="o">2025-7320</subfield>
    <subfield code="t">Rodrigu&#xE9;sia (Brazil)</subfield>
    <subfield code="x">0370-6583; 2175-7860 on-line</subfield>
    <subfield code="g">v. 75 p. 1-16; (2024)</subfield>
    <subfield code="w">BR2025007468</subfield>
  </datafield>
  <datafield tag="856" ind1=" " ind2=" ">
    <subfield code="u">https://www.scielo.br/j/rod/a/SzrBMv3qf7zwVTdqxnMnXGb/?format=pdf&amp;lang=en</subfield>
  </datafield>
  <datafield tag="942" ind1=" " ind2=" ">
    <subfield code="c">ANA</subfield>
  </datafield>
  <datafield tag="999" ind1=" " ind2=" ">
    <subfield code="c">339981</subfield>
    <subfield code="d">339981</subfield>
  </datafield>
</record>
